Corso di filosofía del diritto

Guardat en:
Dades bibliogràfiques
Autor principal: Lombardi Vallauri, Luigi (autor)
Format: Llibre
Idioma:italià
Publicat: Padua CEDAM 1978
Matèries:
Etiquetes: Afegir etiqueta
Sense etiquetes, Sigues el primer a etiquetar aquest registre!

MARC

LEADER 00000nam a2200000 a 4500
001 UCS6585
003 CL-VaPUC
008 970926e19780000IT |||||||||||||||||ita|d
082 0 4 |a 340.1  |b LOM  |2 21 
100 |a Lombardi Vallauri, Luigi  |e autor  |9 391919 
245 1 0 |a Corso di filosofía del diritto 
300 |a v 
942 |c BK 
945 |d 19970926 00:00:00  |a lriquelm 
260 |a Padua  |b CEDAM  |c 1978 
650 0 |a Filosofía del derecho   |9 255050 
650 7 |a CIENCIA JURIDICA  |2 CL-VaPUC  |9 391920 
650 0 |a Derecho positivo  |9 255911 
650 0 |a Valores  |9 309628 
650 0 |a Axiología  |9 334895 
583 |a last modification  |c 19970926 00:00:00  |k Rodrigo Vera 
999 |c 262231  |d 262229 
952 |0 0  |1 0  |4 0  |6 340_100000000000000_LOM_1978  |7 0  |8 DER_TF  |9 290491  |a BIBDER  |b BIBDER  |d 2019-11-19  |h v.1  |i 1885421  |o 340.1 LOM 1978  |p 1885421  |r 2023-01-25  |w 2019-11-19  |x Ubicación 4to Piso  |y BK  |z Estos recursos deben solicitarse con anticipación  |k DER 
952 |0 0  |1 0  |4 0  |6 340_100000000000000_LOM_1978  |7 0  |8 DER_TF  |9 290492  |a BIBDER  |b BIBDER  |d 2019-11-19  |h v.2  |i 1885480  |o 340.1 LOM 1978  |p 1885480  |r 2023-01-25  |w 2019-11-19  |x Ubicación 4to Piso  |y BK  |z Estos recursos deben solicitarse con anticipación  |k DER